| 000 | 00576nam a2200205Ia 4500 | ||
|---|---|---|---|
| 008 | 160216s9999 xx 000 0 und d | ||
| 020 | _a971-996-819-1 | ||
| 050 | _aFIL B 5221 | ||
| 050 | _b.E97 2013 | ||
| 245 | _aExploring the philosophical terrain / | ||
| 245 | _cDennis Apolega… [et al] ; edited by Leni de la Rosa Garcia. | ||
| 260 | _aQuezon City: | ||
| 260 | _bC & E Pub. Inc., | ||
| 260 | _c2013 | ||
| 300 | _a543 pages : | ||
| 300 | _bill. ; | ||
| 300 | _c21 cm. | ||
| 500 | _aIncludes bibliographical references. | ||
| 650 | _aPhilosophy, Philippines. | ||
| 999 |
_c290988 _d290988 |
||